[Event "Titled Tuesday intern op 30th Apr Early"]
[Site "Chess.com INT"]
[Date "2024.04.30"]
[Round "4"]
[White "Iskusnyh, Sergei"]
[Black "Makarian, Rudik"]
[Result "0-1"]
[WhiteElo "2440"]
[BlackElo "2524"]
[PlyCount "88"]
[EventDate "2024.04.30"]
[EventType "swiss (blitz)"]
[EventRounds "11"]
[EventCountry "USA"]
[SourceTitle "CB19_2024"]
[SourceDate "2024.05.08"]
[SourceVersion "1"]
[SourceVersionDate "2024.05.08"]
[SourceQuality "1"]

1. d4 Nf6 2. c4 e6 3. g3 d5 4. Bg2 Bb4+ 5. Nd2 0-0 6. Ngf3 Nc6 7. 0-0 a5 8. a3 Bxd2 9. Bxd2 dxc4 10. Bg5 h6 11. Bxf6 Qxf6 12. Rc1 Rd8 13. Rxc4 e5 14. Nxe5 Nxe5 15. dxe5 Qe7 16. Qc1 c6 17. Qe3 Be6 18. Rc3 Rd7 19. Rd3 Bf5 20. Rxd7 Qxd7 21. Be4 Bh3 22. Rc1 Rd8 23. Bd3 Qd5 24. f3 Re8 25. Rc5 Qb3 26. Qc1 Qb6 27. Qc3 h5 28. Kf2 Be6 29. b4 axb4 30. Qxb4 Qc7 31. a4 Bd5 32. a5 g6 33. Qf4 Qe7 34. Rc3 Ra8 35. h3 Rxa5 36. g4 hxg4 37. hxg4 Qh4+ 38. Qg3 Qe7 39. Rc1 Bb3 40. Rb1 Ba2 41. Rb2 Be6 42. Qf4 Qc5+ 43. Kg2 Ra1 44. e3 Qc1 0-1

[Event "Titled Tuesday intern op 23rd Apr Late"]
[Site "Chess.com INT"]
[Date "2024.04.23"]
[Round "6"]
[White "Sarana, Alexey"]
[Black "Makarian, Rudik"]
[Result "1-0"]
[WhiteElo "2703"]
[BlackElo "2524"]
[PlyCount "101"]
[EventDate "2024.04.23"]
[EventType "swiss (blitz)"]
[EventRounds "11"]
[EventCountry "USA"]
[SourceTitle "CB18_2024"]
[SourceDate "2024.05.01"]
[SourceVersion "1"]
[SourceVersionDate "2024.05.01"]
[SourceQuality "2"]

1. d4 Nf6 2. c4 e6 3. Nc3 d5 4. Bg5 c6 5. e3 Nbd7 6. Bd3 h6 7. Bh4 Be7 8. Nf3 0-0 9. 0-0 dxc4 10. Bxc4 b5 11. Bd3 Bb7 12. Rc1 Rc8 13. a3 a5 14. Ne5 Nxe5 15. dxe5 Nd7 16. Bxe7 Qxe7 17. f4 Nc5 18. Bb1 b4 19. axb4 axb4 20. Qc2 g6 21. Nd1 Nd7 22. Nf2 c5 23. Rfd1 Rfd8 24. Rd6 Nf8 25. Rcd1 Kg7 26. Qd2 Re8 27. h3 h5 28. Be4 Qc7 29. Kh2 Rb8 30. Rc1 Rec8 31. Bxb7 Qxb7 32. Rc4 Ra8 33. Ne4 Qb5 34. Qc2 Ra1 35. Rd2 Qa6 36. Nxc5 Rxc5 37. Rxc5 Qf1 38. Qd3 Qg1+ 39. Kg3 Re1 40. Re2 Rf1 41. Qd2 g5 42. Rf2 h4+ 43. Kf3 Rd1 44. Qe2 Ng6 45. fxg5 Re1 46. Qc4 Qh2 47. Qg4 Nxe5+ 48. Rxe5 Qxe5 49. Qf4 Qd5+ 50. Kg4 Rg1 51. Qxf7+ 1-0

[Event "Titled Tuesday intern op 16th Apr Early"]
[Site "Chess.com INT"]
[Date "2024.04.16"]
[Round "5"]
[White "Lianes Garcia, Marcos"]
[Black "Makarian, Rudik"]
[Result "0-1"]
[WhiteElo "2403"]
[BlackElo "2524"]
[PlyCount "100"]
[EventDate "2024.04.16"]
[EventType "swiss (blitz)"]
[EventRounds "11"]
[EventCountry "USA"]
[SourceTitle "CB17_2024"]
[SourceDate "2024.04.24"]
[SourceVersion "1"]
[SourceVersionDate "2024.04.24"]
[SourceQuality "1"]

1. e4 c5 2. g3 d5 3. exd5 Qxd5 4. Nf3 b6 5. Bg2 Bb7 6. 0-0 Nf6 7. Nc3 Qd8 8. d4 e6 9. dxc5 Qxd1 10. Rxd1 Bxc5 11. Nb5 Na6 12. Nd6+ Bxd6 13. Rxd6 0-0 14. Bg5 Ne4 15. Rd4 Nac5 16. Be3 Rac8 17. c3 Nf6 18. Rad1 Nd5 19. Bc1 b5 20. Ne5 Rfd8 21. Nd3 Nxd3 22. R4xd3 a6 23. a3 h6 24. Bxd5 Bxd5 25. f3 f6 26. Kf2 Kf7 27. Be3 g5 28. Rd4 Rc4 29. h4 Kg6 30. hxg5 hxg5 31. g4 Rh8 32. Kg3 a5 33. Bf2 a4 34. Be3 Rc7 35. Rxd5 exd5 36. Rxd5 Rch7 37. Bg1 Re7 38. Kf2 Rhe8 39. Rd2 Re1 40. Bh2 Rb1 41. Bc7 Ree1 42. Bb6 Kf7 43. Kg2 Ke6 44. Bd4 f5 45. gxf5+ Kxf5 46. Bf2 Red1 47. Rc2 Ra1 48. Kg3 Rd3 49. Kg2 Rb1 50. Bg1 Rbd1 0-1

[Event "Titled Tuesday intern op 16th Apr Late"]
[Site "Chess.com INT"]
[Date "2024.04.16"]
[Round "3"]
[White "Ozates, Tuna"]
[Black "Makarian, Rudik"]
[Result "1/2-1/2"]
[WhiteElo "2290"]
[BlackElo "2524"]
[PlyCount "156"]
[EventDate "2024.04.16"]
[EventType "swiss (blitz)"]
[EventRounds "11"]
[EventCountry "USA"]
[SourceTitle "CB17_2024"]
[SourceDate "2024.04.24"]
[SourceVersion "1"]
[SourceVersionDate "2024.04.24"]
[SourceQuality "1"]

1. e4 c5 2. Nf3 d6 3. Bb5+ Nd7 4. 0-0 a6 5. Bd3 Ngf6 6. Re1 b5 7. c4 b4 8. a3 bxa3 9. Nxa3 Bb7 10. Bc2 e6 11. Ba4 Be7 12. d4 cxd4 13. Nxd4 Bxe4 14. Bf4 0-0 15. Bc6 d5 16. Bxa8 Qxa8 17. cxd5 Bxd5 18. Nf3 h6 19. Nc2 Bc5 20. Ne3 Rc8 21. Nxd5 Nxd5 22. Bg3 N7f6 23. Ne5 a5 24. Qf3 Qb7 25. Nc4 Bb4 26. Nd6 Bxd6 27. Bxd6 Qxb2 28. Be5 Qc2 29. Rxa5 Kh7 30. h3 Rc4 31. Ra7 Qg6 32. Bxf6 Nxf6 33. Qb7 Kg8 34. Ra8+ Kh7 35. Rf8 Rc2 36. Qxf7 Qf5 37. Rf1 e5 38. Rb8 e4 39. Rb7 Qg5 40. Qe6 Rc1 41. Rb1 Rc5 42. Rb3 Re5 43. Qf7 Nh5 44. Re3 Nf4 45. Rg3 Ne2+ 46. Kh2 Nxg3 47. fxg3 e3 48. Re1 e2 49. Qf3 Qd2 50. Qf2 Re3 51. Qf5+ Kg8 52. Qc8+ Kf7 53. Qf5+ Ke7 54. Qc5+ Kd7 55. Qb5+ Kd6 56. Qb6+ Ke5 57. Qc7+ Ke4 58. Qe7+ Kd3 59. Qd6+ Kc2 60. Qc5+ Qc3 61. Qf5+ Kd2 62. Qf2 Qe5 63. Rb1 Kc2 64. Qe1 Qxg3+ 65. Qxg3 Rxg3 66. Kxg3 Kxb1 67. Kf2 Kc2 68. Kxe2 Kc3 69. Ke3 Kc2 70. g4 Kd1 71. h4 Ke1 72. Kf4 Kf2 73. h5 Kg2 74. Kf5 Kg3 75. g5 hxg5 76. Kxg5 Kh3 77. Kg6 Kg4 78. Kxg7 Kxh5 1/2-1/2

[Event "Titled Tuesday intern op 16th Apr Late"]
[Site "Chess.com INT"]
[Date "2024.04.16"]
[Round "1"]
[White "Stillger, Bernhard"]
[Black "Makarian, Rudik"]
[Result "0-1"]
[WhiteElo "2256"]
[BlackElo "2524"]
[PlyCount "112"]
[EventDate "2024.04.16"]
[EventType "swiss (blitz)"]
[EventRounds "11"]
[EventCountry "USA"]
[SourceTitle "CB17_2024"]
[SourceDate "2024.04.24"]
[SourceVersion "1"]
[SourceVersionDate "2024.04.24"]
[SourceQuality "1"]

1. Nf3 Nf6 2. g3 d5 3. Bg2 e6 4. 0-0 Be7 5. c4 0-0 6. d4 c6 7. Qc2 Nbd7 8. Nbd2 a5 9. e4 b6 10. e5 Ne8 11. cxd5 cxd5 12. Re1 Ba6 13. Bf1 Rc8 14. Qa4 Nc7 15. h4 Nb8 16. a3 Qd7 17. Qd1 a4 18. Bxa6 Ncxa6 19. Nf1 b5 20. Bg5 Nc6 21. Qd3 h6 22. Bxe7 Nxe7 23. Ne3 Nc7 24. Rac1 Na8 25. g4 Nb6 26. g5 h5 27. Ng2 Ng6 28. Rc3 Nc4 29. Rb1 Rc6 30. Nd2 Rfc8 31. Nxc4 Rxc4 32. Rbc1 Qc6 33. Rxc4 bxc4 34. Qd1 Rb8 35. Rc2 Rb3 36. Qxh5 Qb6 37. Qg4 Rxb2 38. Rxb2 Qxb2 39. h5 Ne7 40. g6 c3 41. gxf7+ Kxf7 42. Ne3 c2 43. Qf4+ Ke8 44. Nxc2 Qxc2 45. Qg5 Qd1+ 46. Kg2 Qxd4 47. Qxg7 Qe4+ 48. Kg1 d4 49. h6 d3 50. h7 d2 51. h8Q+ Kd7 52. Qh5 Qb1+ 53. Kg2 d1Q 54. Qxe7+ Kxe7 55. Qg5+ Kd7 56. Qg7+ Kc6 0-1

[Event "Titled Tuesday intern op 02nd Apr Late"]
[Site "Chess.com INT"]
[Date "2024.04.02"]
[Round "4"]
[White "Avramidou, Anastasia"]
[Black "Makarian, Rudik"]
[Result "1/2-1/2"]
[WhiteElo "2287"]
[BlackElo "2524"]
[PlyCount "153"]
[EventDate "2024.04.02"]
[EventType "swiss (blitz)"]
[EventRounds "11"]
[EventCountry "USA"]
[SourceTitle "CB15_2024"]
[SourceDate "2024.04.10"]
[SourceVersion "1"]
[SourceVersionDate "2024.04.10"]
[SourceQuality "1"]

1. Nf3 Nf6 2. c4 g6 3. Nc3 Bg7 4. e4 d6 5. d4 0-0 6. h3 e5 7. d5 Na6 8. Be3 Nc5 9. Nd2 a5 10. g4 a4 11. Rg1 c6 12. Be2 Qa5 13. f3 a3 14. Nb3 Qb4 15. Rb1 axb2 16. Bd2 Qa3 17. Qc2 cxd5 18. cxd5 Nxb3 19. axb3 Bd7 20. Qxb2 Qa7 21. Kf1 Qb6 22. Kg2 Rfc8 23. Rgc1 h5 24. Na4 Qd8 25. Rxc8 Rxc8 26. Rc1 Rxc1 27. Qxc1 Nh7 28. Be3 Bf6 29. Nb6 Be7 30. Qa3 Kg7 31. Qb4 h4 32. Nc4 Bc8 33. Bb6 Qf8 34. Bc7 Qe8 35. Bxd6 Bf6 36. Qc3 b5 37. Nb6 Ba6 38. Qa5 Qd8 39. Bc5 Bb7 40. Qxb5 Be7 41. Bxe7 Qxe7 42. Nc4 f6 43. Qb6 Bc8 44. d6 Qf7 45. Qc7 Be6 46. Qxf7+ Kxf7 47. b4 Nf8 48. Nb6 f5 49. exf5 gxf5 50. b5 Kf6 51. Na8 Bd5 52. Nc7 Bb7 53. b6 Nd7 54. Ne8+ Kf7 55. Nc7 Nxb6 56. gxf5 Kf6 57. Ne6 Kxf5 58. Nd8 Bd5 59. Bd3+ Kf4 60. Kf2 Nd7 61. Bb5 Nc5 62. d7 Bxf3 63. Nf7 Nxd7 64. Bxd7 e4 65. Nd6 e3+ 66. Ke1 Bg2 67. Nc4 Kg3 68. Nxe3 Bxh3 69. Bxh3 Kxh3 70. Kf2 Kh2 71. Kf3 Kh3 72. Nf5 Kh2 73. Kf2 Kh3 74. Kf3 Kh2 75. Ne3 Kg1 76. Kg4 Kf2 77. Kxh4 1/2-1/2

[Event "Titled Tuesday intern op 02nd Apr Early"]
[Site "Chess.com INT"]
[Date "2024.04.02"]
[Round "1"]
[White "Makarian, Rudik"]
[Black "Balint, Peter1"]
[Result "1-0"]
[WhiteElo "2524"]
[BlackElo "2335"]
[PlyCount "87"]
[EventDate "2024.04.02"]
[EventType "swiss (blitz)"]
[EventRounds "11"]
[EventCountry "USA"]
[SourceTitle "CB15_2024"]
[SourceDate "2024.04.10"]
[SourceVersion "1"]
[SourceVersionDate "2024.04.10"]
[SourceQuality "1"]

1. d4 Nf6 2. c4 g6 3. Nc3 d5 4. Bf4 Bg7 5. e3 c6 6. Rc1 0-0 7. h3 dxc4 8. Bxc4 b5 9. Be2 Qb6 10. Nf3 Be6 11. 0-0 h6 12. Ne5 Nbd7 13. a4 a6 14. a5 Qb7 15. b4 Nxe5 16. Bxe5 Rfd8 17. Bxf6 exf6 18. Ne4 Bd5 19. Bf3 f5 20. Nc5 Qe7 21. Bxd5 Rxd5 22. Nd3 Rd6 23. Rc5 Rad8 24. Qc2 Rc8 25. Rc1 Qe4 26. g3 Bf8 27. Ne5 Qxc2 28. R5xc2 Rc7 29. Kg2 Kg7 30. Kf3 f6 31. Nd3 Kf7 32. g4 fxg4+ 33. hxg4 Be7 34. Nc5 Ra7 35. Ne4 Re6 36. Rxc6 f5 37. Rxe6 Kxe6 38. Nc5+ Kd5 39. gxf5 gxf5 40. Nd3 Bd6 41. Nf4+ Bxf4 42. Kxf4 Rg7 43. Rc5+ Kd6 44. Rxf5 1-0

[Event "Titled Tuesday intern op 02nd Apr Early"]
[Site "Chess.com INT"]
[Date "2024.04.02"]
[Round "7"]
[White "Makarian, Rudik"]
[Black "Zou, Chen"]
[Result "1-0"]
[WhiteElo "2524"]
[BlackElo "2449"]
[PlyCount "107"]
[EventDate "2024.04.02"]
[EventType "swiss (blitz)"]
[EventRounds "11"]
[EventCountry "USA"]
[SourceTitle "CB15_2024"]
[SourceDate "2024.04.10"]
[SourceVersion "1"]
[SourceVersionDate "2024.04.10"]
[SourceQuality "1"]

1. d4 Nf6 2. c4 e6 3. Nf3 d5 4. g3 Be7 5. Bg2 0-0 6. 0-0 dxc4 7. Qc2 a6 8. a4 Bd7 9. Qxc4 Bc6 10. Bg5 Nbd7 11. Nc3 h6 12. Bxf6 Nxf6 13. b4 Bd5 14. Nxd5 exd5 15. Qb3 c6 16. e3 Bd6 17. b5 axb5 18. axb5 Qe7 19. Rfc1 c5 20. dxc5 Bxc5 21. Ne1 Rxa1 22. Rxa1 d4 23. e4 Nxe4 24. Nd3 Nc3 25. Re1 Qc7 26. Qc4 b6 27. h4 Rd8 28. h5 Bd6 29. Qxc7 Bxc7 30. Bc6 Bd6 31. Kg2 Kf8 32. f4 Na4 33. Rd1 Bc7 34. Kf3 Nc5 35. Nb4 d3 36. Nd5 Rc8 37. Ke3 Bd8 38. Nb4 Be7 39. Nxd3 Rd8 40. Nf2 Rxd1 41. Nxd1 Bd6 42. Nc3 Bc7 43. Nd5 Bd8 44. Nb4 Ke7 45. Bd5 f6 46. Bc4 Kd6 47. Nc6 Bc7 48. Nd4 Ke7 49. Nf5+ Kf8 50. Kd4 Na4 51. Kd5 Bd8 52. Kc6 Nc5 53. Kd6 Ne4+ 54. Kd7 1-0

[Event "Titled Tuesday intern op 12th Mar Early"]
[Site "Chess.com INT"]
[Date "2024.03.12"]
[Round "8"]
[White "Duda, Jan Krzysztof"]
[Black "Makarian, Rudik"]
[Result "0-1"]
[WhiteElo "2731"]
[BlackElo "2525"]
[PlyCount "106"]
[EventDate "2024.03.12"]
[EventType "swiss (blitz)"]
[EventRounds "11"]
[EventCountry "USA"]
[SourceTitle "CB12_2024"]
[SourceDate "2023.10.01"]
[SourceVersion "1"]
[SourceVersionDate "2023.10.01"]
[SourceQuality "1"]

1. c4 e6 2. Nf3 d5 3. g3 Nf6 4. Bg2 dxc4 5. Qa4+ c6 6. Qxc4 b5 7. Qc2 Bb7 8. a4 a6 9. 0-0 Nbd7 10. Nc3 Be7 11. d3 0-0 12. Rd1 Qb6 13. e4 c5 14. h3 Rac8 15. Be3 Rfd8 16. Qe2 b4 17. Nb1 Nb8 18. Ne5 Nfd7 19. Nc4 Qc7 20. Bf4 e5 21. Be3 Nc6 22. Nbd2 Nf8 23. Nb3 Ne6 24. h4 Ned4 25. Bxd4 Nxd4 26. Nxd4 Rxd4 27. Bh3 Rcd8 28. Rd2 g6 29. Rad1 Bf8 30. Qe3 h5 31. g4 hxg4 32. Bxg4 Kh7 33. h5 Bh6 34. hxg6+ fxg6 35. Qh3 Kg7 36. Rc2 Rh8 37. Qg2 Bf4 38. Bf5 Qf7 39. Ne3 Rh2 40. Qg4 Rh5 41. Be6 Qf6 42. Nf5+ Kh7 43. Rxc5 Rg5 44. Rc7+ Kh8 45. Nxd4 exd4 46. Kg2 Bxc7 47. Rh1+ Kg7 48. Kf1 Rxg4 49. Bxg4 Bg3 50. f3 Qf4 51. Kg2 Bh4 52. Rxh4 Qd2+ 53. Kg3 Qxd3 0-1

[Event "Titled Tuesday intern op 12th Mar Early"]
[Site "Chess.com INT"]
[Date "2024.03.12"]
[Round "3"]
[White "Skvortsov, Andrei"]
[Black "Makarian, Rudik"]
[Result "0-1"]
[WhiteElo "2295"]
[BlackElo "2525"]
[PlyCount "48"]
[EventDate "2024.03.12"]
[EventType "swiss (blitz)"]
[EventRounds "11"]
[EventCountry "USA"]
[SourceTitle "CB12_2024"]
[SourceDate "2023.10.01"]
[SourceVersion "1"]
[SourceVersionDate "2023.10.01"]
[SourceQuality "1"]

1. e4 d6 2. d4 Nf6 3. Nc3 e5 4. Nf3 Nbd7 5. Bc4 Be7 6. 0-0 0-0 7. a4 c6 8. Re1 exd4 9. Nxd4 Ne5 10. Bf1 Ng6 11. f4 Re8 12. h3 Qc7 13. Qf3 Bd7 14. Qf2 Rad8 15. Nf5 Bxf5 16. exf5 Nf8 17. Qxa7 d5 18. Be3 N8d7 19. Qd4 Bc5 20. Qd3 Rxe3 21. Rxe3 Qxf4 22. Rae1 Ne5 23. Qd1 Bxe3+ 24. Kh1 Nfg4 0-1

[Event "Moscow Aeroflot op-A"]
[Site "Moscow"]
[Date "2024.03.04"]
[Round "3"]
[White "Makarian, Rudik"]
[Black "Ashraf, Artin"]
[Result "1/2-1/2"]
[WhiteElo "2525"]
[BlackElo "2399"]
[PlyCount "59"]
[EventDate "2024.03.03"]
[EventType "swiss"]
[EventRounds "9"]
[EventCountry "RUS"]
[SourceTitle "CB11_2024"]
[SourceDate "2024.03.13"]
[SourceVersion "1"]
[SourceVersionDate "2024.03.13"]
[SourceQuality "1"]

1. c4 Nf6 2. Nc3 e5 3. Nf3 e4 4. Ng5 c6 5. Qa4 Qe7 6. Qc2 b5 7. cxb5 d5 8. e3 Qe5 9. f4 Qc7 10. b3 Qb7 11. Bb2 Bd7 12. a4 h6 13. Ngxe4 dxe4 14. Nxe4 Be7 15. Bxf6 gxf6 16. Qc3 cxb5 17. Nxf6+ Bxf6 18. Qxf6 Rg8 19. axb5 Be6 20. Qxh6 Nd7 21. Rg1 Rc8 22. Bc4 Rxg2 23. Rxg2 Qxg2 24. Qh8+ Nf8 25. b6 Bxc4 26. bxc4 Qg1+ 27. Ke2 Qg2+ 28. Ke1 axb6 29. Qe5+ Ne6 30. f5 1/2-1/2

[Event "Titled Tuesday intern op 27th Feb Late"]
[Site "Chess.com INT"]
[Date "2024.02.27"]
[Round "8"]
[White "Indjic, Aleksandar"]
[Black "Makarian, Rudik"]
[Result "1-0"]
[WhiteElo "2595"]
[BlackElo "2525"]
[PlyCount "125"]
[EventDate "2024.02.27"]
[EventType "swiss (blitz)"]
[EventRounds "11"]
[EventCountry "USA"]
[SourceTitle "CB10_2024"]
[SourceDate "2024.03.06"]
[SourceVersion "1"]
[SourceVersionDate "2024.03.06"]
[SourceQuality "1"]

1. d4 Nf6 2. c4 e6 3. Nc3 d5 4. Nf3 Be7 5. Bf4 0-0 6. e3 Nbd7 7. g4 c6 8. g5 Ne4 9. h4 Qa5 10. Rc1 b5 11. c5 Nxc3 12. bxc3 b4 13. cxb4 Qxb4+ 14. Qd2 Qa4 15. Qc2 Qa5+ 16. Qc3 Qa4 17. Bd3 Ba6 18. 0-0 f6 19. gxf6 Rxf6 20. Rb1 Raf8 21. Rb3 Bxd3 22. Qxd3 e5 23. Nxe5 Nxe5 24. Bxe5 Rg6+ 25. Kh2 Bxh4 26. Ra3 Qb4 27. Rb1 Rxf2+ 28. Kh3 Qc4 29. Qxc4 dxc4 30. Kxh4 Rfg2 31. Kh3 R2g5 32. Rb8+ Kf7 33. Rxa7+ Ke6 34. Re8+ Kf5 35. Rf7+ Ke4 36. Bf4+ Kd3 37. Bxg5 Rxg5 38. Rf1 c3 39. Rb8 c2 40. Rc1 Kd2 41. Rxc2+ Kxc2 42. Rb6 Kd3 43. Rxc6 Kxe3 44. Rd6 Kf3 45. Kh4 Kf4 46. c6 Rg1 47. Kh3 Rg3+ 48. Kh2 Rc3 49. d5 g5 50. Rf6+ Kg4 51. Rf7 h5 52. c7 Rc2+ 53. Kg1 Kg3 54. d6 h4 55. Kf1 h3 56. Rh7 g4 57. Ke1 h2 58. Rxh2 Kxh2 59. d7 Rxc7 60. d8Q Rh7 61. Qd2+ Kh3 62. Qd3+ Kg2 63. Qxh7 1-0

[Event "Titled Tuesday intern op 13th Feb Early"]
[Site "Chess.com INT"]
[Date "2024.02.13"]
[Round "2"]
[White "Kosteniuk, Alexandra"]
[Black "Makarian, Rudik"]
[Result "1-0"]
[WhiteElo "2501"]
[BlackElo "2525"]
[PlyCount "39"]
[EventDate "2024.02.13"]
[EventType "swiss (blitz)"]
[EventRounds "11"]
[EventCountry "USA"]
[SourceTitle "CB08_2024"]
[SourceDate "2024.02.21"]
[SourceVersion "1"]
[SourceVersionDate "2024.02.21"]
[SourceQuality "1"]

1. e4 c5 2. c3 d5 3. exd5 Nf6 4. Bb5+ Nbd7 5. c4 a6 6. Bxd7+ Qxd7 7. Nf3 g6 8. 0-0 Bg7 9. Nc3 b5 10. d3 0-0 11. Qe2 Bb7 12. Ne4 Rac8 13. h3 Rfe8 14. Ne5 Qd8 15. Ng5 Rf8 16. Bf4 Nd7 17. Nexf7 Rxf7 18. Qe6 Qb6 19. Qxf7+ Kh8 20. Qxe7 1-0